F1 2023 drivers - Statistics

General Stats
  • This quiz has been taken 1,723 times
    1,270 since last reset
  • The average score is 20 of 22
Answer Stats
Team Driver % Correct
Mercedes Lewis Hamilton
99%
Red Bull Max Verstappen
99%
Ferrari Charles Leclerc
98%
McLaren Lando Norris
98%
Ferrari Carlos Sainz
97%
Red Bull Sergio Perez
97%
Mercedes George Russel
96%
Aston Martin Fernando Alonso
95%
McLaren Oscar Piastri
95%
Alpine Esteban Ocon
92%
Aston Martin Lance Stroll
92%
Alpine Pierre Gasly
92%
AlphaTauri Yuki Tsunoda
91%
Williams Alex Albon
89%
Alpha Tauri Daniel Ricciardo
89%
Haas Nico Hulkenberg
87%
Alfa Romeo Valtteri Bottas
87%
Haas Kevin Magnussen
86%
Alfa Romeo Zhou Guanyu
84%
Williams Logan Sargeant
83%
Alpha Tauri Liam Lawson
72%
AlphaTauri Nyck de Vries
67%
No matching quizzes found
Score Distribution
Percent of People with Each Score
Percentile by Number Answered
Your Score History
You have not taken this quiz since the last reset